| 000 | 00393cam a2200157ua 4500 | ||
|---|---|---|---|
| 041 |
_aeng _h |
||
| 082 |
_a823.308 _bPUS/CA |
||
| 100 | _aPushkin, Alexander . | ||
| 245 |
_aCaptain`s daughter / _cAlexander Pushkin. _hTextual Documents |
||
| 250 |
_a1 / _b. |
||
| 260 |
_aLondon : _bJ M Dent and Sons Ltd , _c1961. |
||
| 300 | _a296 ; . | ||
| 504 | _a | ||
| 942 | _cBK | ||
| 999 |
_c2640 _d2640 |
||